000
00256nam a2200097Ia 4500
001
681555
005
20250826161402.0
008
250824s9999 xx 000 0 und d
245
0
_a
LA FONTAINE DEN SEÇMELER
_c
JEAN DE LA FONTAINE
260
_b
AKVARYUM YAYINEVİ
999
_c
681555
_d
681555